Statistics for Marvel Cinematic Universe Trivia

Click here to take the quiz!

General Stats

  • This quiz has been taken 130 times
  • The average score is 12 of 15

Answer Stats

QuestionAnswer% Correct
How many years was Scott Lang trapped in the Quantum Realm?5
97%
What is the color of the Power Stone?Purple
96%
Which Avenger was worthy of picking up Thor's hammer?Captain America
95%
In order to, get the Soul Stone who does Thanos sacrifice?Gamora
91%
What is the most valuable resource is available in Wakanda?Vibranium
88%
How many Infinity Stones are there?Six
87%
In Avengers: Endgame, what video game does Thor play?Fortnite
85%
Who is Odin's firstborn?Hela
81%
What was the last Infinity Stone does Thanos get?Mind Stone
81%
What is the name of Thor's axe?Stormbreaker
79%
Who is Natasha's sister?Yelena
69%
Which country are Wanda and her brother Pietro from?Sokovia
65%
What kind of a doctor was Stephen Strange?Neurosurgeon
54%
On which planet, did they find the Soul Stone?Vormir
49%
What does TVA stand for?Time Variance Authority
46%

Score Distribution

Percentile by Number Answered

Percent of People with Each Score

Your Score History

You have not taken this quiz